| 000 | 00679nam a2200241Ia 4500 | ||
|---|---|---|---|
| 003 | OSt | ||
| 005 | 20220923223614.0 | ||
| 006 | a|||||r|||| 00| 0 | ||
| 007 | ta | ||
| 008 | Pun | ||
| 024 | _a219,083 | ||
| 037 | _cTextual | ||
| 040 |
_aARTS _cARTS _bPun |
||
| 041 |
_2Pun _aPun |
||
| 082 | _aNR44, 153N1 | ||
| 100 |
_aਕਰੀਰ, ਔਮ ਔਸ _9159218 |
||
| 245 | 0 | _aਵਾਦਨ ਪਰਬੀਨ | |
| 260 |
_aਪਟਿਆਲਾ _b ਪੰਜਾਬੀ ਯੂਨੀਵਰਸਿਟੀ _c1991 |
||
| 300 |
_a880ਪੰ _ccm. |
||
| 650 |
_aਵਧੀਆ ਕਲਾ _9156314 |
||
| 942 |
_hNR44, 153N1 _cTEXL _2CC |
||
| 999 |
_c366417 _d366417 |
||